000 00917cam a2200265 a 4500
001 000014358
003 DO-SdBNP
005 20251028125137.0
008 750319s1966 ve 001 0 spa
040 _aDO-SdBNP
_bspa
_cDLC
_dBNPHU
049 _aBNGR
082 _a342.87029
_bE74ó, 1966
100 1 _aEscovar Salom, Ramón,
_d1926-
_932421
245 1 0 _aOrden político e historia en Venezuela. /
_cRamón Escovar Salom.
250 _a2a ed.
260 _aCaracas, Venezuela :
_bItalgrafica,
_c1966.
300 _a117 p. ;
_c21 cm.
490 1 _aEstudios varios,
_v2
_aEdiciones del Ministerio de Justicia
504 _aBibliografía: p. 113-117.
651 0 _aVenezuela
_xPolítica y gobierno
_926230
651 7 _aVenezuela
_xHistoria constitucional
_926230
_2LEMB
830 0 _aEstudios varios ;
_v2
_pEdiciones Ministerio de Justicia
_932422
910 _aCatalogación por copia/LC
942 _2ddc
_cLBS1
999 _c13950
_d13950